Bericht ... uber atherische ole, riechstoffe, usw.

Bibliographic Details
Corporate Author: Schimmel & co. aktiengesellschaft, Miltitz bei Leipzig
Format: Serial
Language:German
Published: [Miltitz bei Leipzig] [publisher not identified] ;
Subjects:

MARC

Tag First Indicator Second Indicator Subfields
LEADER 00000cas a2200000 4500
001 in00000052962
005 20151007074237.0
008 800611c18779999gw ar 0uuub0ger c
010 |a gs 30000029  
035 |a (OCoLC)06409404 
035 |9 AAF1186AM 
040 |a U.S. Geol. Survey  |c TXA  |d UtOrBLW 
049 |a TXAE 
050 0 |a TP958  |b .S34 
082 0 |a 668.5 
110 2 |a Schimmel & co. aktiengesellschaft, Miltitz bei Leipzig. 
245 1 0 |a Bericht ... uber atherische ole, riechstoffe, usw. 
264 1 |a [Miltitz bei Leipzig]  |b [publisher not identified] ; 
300 |a  volumes :  |b plates, tables. ;  |c 22 cm.  |a annual. 
336 |a text  |b txt  |2 rdacontent 
337 |a unmediated  |b n  |2 rdamedia 
338 |a volume  |b nc  |2 rdacarrier 
362 1 |a Publication began in 1877. 
500 |a Since 1890 issued also in English. 
515 |a Vol. for 1929 called "Jubilaums-ausgabe." 
650 0 |a Essences and essential oils. 
650 0 |a Perfumes. 
999 |a MARS 
999 f f |s b48dfada-8c0a-3828-9542-af8856725395  |i 2c0a816d-f750-35a4-ac1a-022e34e3165c  |t 0 
952 f f |p ric  |a Texas A&M University  |b Rellis Campus  |c Joint Library Facility  |d Remote Storage  |t 0  |e TP958 .S34  |h Library of Congress classification  |i unmediated -- volume  |k 1929  |m A14806814886 
998 f f |a TP958 .S34  |s 1929  |t 0  |l Remote Storage